[Event "It"]
[Site "Linares it"]
[Date "1994.??.??"]
[Round "?"]
[White "Ivanchuk, Vassily"]
[Black "Karpov, Anatoly"]
[Result "0-1"]
[WhiteElo "2710"]
[BlackElo "2740"]
[PlyCount "49"]
[EventDate "1994.??.??"]
[Source "www.chesslib.no"]
[SourceDate "2004.05.04"]

1. d4 Nf6 2. c4 g6 3. f3 Bg7 4. e4 O-O 5. Nc3 c6 6. Be3 a6 7. Nh3 b5 8. Nf2 bxc4 9. Bxc4 d5 10. Bb3 dxe4 11. fxe4 Qa5 12. O-O Nbd7 13. Rc1 c5 14. d5 Ne5 15. Na4 c4 16. Bxc4 Nxc4 17. Rxc4 Bd7 18. Nc3 Bb5 19. b4 Qd8 20. Nxb5 axb5 21. Rc2 Ra4 22. Rc5 Ne8 23. Re1 Nd6 24. e5 Nc4 25. Rxc4 0-1

[Event "Rubinstein mem 35th"]
[Site "Polanica Zdroj"]
[Date "1998.08.19"]
[Round "3"]
[White "Karpov, Anatoly"]
[Black "Shirov, Alexei"]
[Result "1/2-1/2"]
[WhiteElo "2725"]
[BlackElo "2720"]
[PlyCount "90"]
[EventDate "1998.08.17"]
[Source "ChessBase"]
[SourceDate "1998.11.30"]

1. Nf3 Nf6 2. c4 g6 3. g3 Bg7 4. Bg2 O-O 5. d4 d6 6. O-O Nc6 7. d5 Na5 8. Nfd2 c5 9. a3 Nd7 10. Ra2 Ne5 11. b3 a6 12. Bb2 b5 13. cxb5 axb5 14. b4 Nb7 15. Qb3 Qb6 16. Bc3 Bd7 17. Rc2 Rfc8 18. h3 Rc7 19. Kh2 Rac8 20. f4 cxb4 21. axb4 Nc4 22. Bxg7 Nxd2 23. Rxd2 Kxg7 24. Qb2+ Kg8 25. Na3 Nd8 26. Nc2 Rc4 27. Rfd1 Qa7 28. Nd4 Qa4 29. Rb1 e5 30. dxe6 Nxe6 31. Nxe6 Bxe6 32. Rxd6 Re8 33. Qf6 Bf5 34. Rb2 Qa7 35. e4 Bxe4 36. Re2 Qe7 37. Qxe7 Rxe7 38. g4 f5 39. gxf5 gxf5 40. Rf6 Rxb4 41. Rxf5 Bxf5 42. Rxe7 Rxf4 43. Bd5+ Kf8 44. Rf7+ Ke8 45. Be6 Re4 1/2-1/2

[Event "Trophée IMMOPAR"]
[Site "?"]
[Date "1990.??.??"]
[Round "?"]
[White "Korchnoi, Viktor L"]
[Black "Kasparov, Gary"]
[Result "1/2-1/2"]
[WhiteElo "2625"]
[BlackElo "2800"]
[PlyCount "113"]
[EventDate "1990.??.??"]
[Source "www.chesslib.no"]
[SourceDate "2004.05.04"]

1. Nf3 Nf6 2. c4 g6 3. b3 Bg7 4. Bb2 d6 5. d4 O-O 6. e3 Nbd7 7. Be2 e5 8. O-O e4 9. Nfd2 Re8 10. Nc3 Nf8 11. b4 h5 12. b5 N8h7 13. Rc1 Bf5 14. a4 c6 15. Ba3 h4 16. Rb1 Ng5 17. Kh1 h3 18. g3 Bf8 19. Nb3 Qd7 20. a5 cxb5 21. Nxb5 Bg4 22. Nd2 b6 23. Nc3 bxa5 24. Rb5 Bf5 25. Nd5 Nxd5 26. Rxd5 Nh7 27. Rxa5 Nf6 28. Ra6 Reb8 29. c5 Nd5 30. Qc2 dxc5 31. dxc5 Nc7 32. c6 Qe6 33. Ra5 Bxa3 34. Rxa3 Rb6 35. Rc1 a6 36. Nb3 Bg4 37. Nd4 Qe7 38. Raa1 Bxe2 39. Qxe2 Ne6 40. Qg4 Nxd4 41. exd4 Qe6 42. Qxe6 fxe6 43. Kg1 Rc8 44. c7 Kf7 45. Kf1 Rb7 46. Rxa6 Rcxc7 47. Rxc7+ Rxc7 48. Ra4 Rc3 49. Ra7+ Kf6 50. Rh7 Rd3 51. Rxh3 Rxd4 52. Rh8 Ra4 53. Rh4 Kf5 54. Rf4+ Ke5 55. Rg4 Ra1+ 56. Ke2 Ra2+ 57. Ke3 1/2-1/2

[Event "Amber-blind 7th"]
[Site "Monte Carlo"]
[Date "1998.03.18"]
[Round "6"]
[White "Sadler, Matthew"]
[Black "Anand, Viswanathan"]
[Result "0-1"]
[WhiteElo "2650"]
[BlackElo "2770"]
[PlyCount "80"]
[EventDate "1998.03.13"]
[Source "ChessBase"]
[SourceDate "1998.04.29"]

1. d4 Nf6 2. c4 g6 3. Nd2 c5 4. d5 Qa5 5. Ngf3 d6 6. e4 Bg7 7. Bd3 O-O 8. O-O e5 9. Re1 Na6 10. a3 Bd7 11. Rb1 Rfc8 12. b3 Rab8 13. Bf1 Ne8 14. Bb2 Qd8 15. g3 Nec7 16. Nh4 b5 17. Ng2 b4 18. a4 Ne8 19. f4 Nac7 20. Qf3 Qe7 21. Rbd1 Nf6 22. f5 Bh6 23. Bd3 Kh8 24. Nf1 Rg8 25. h3 Rbf8 26. g4 Bg5 27. Ng3 h5 28. gxh5 gxf5 29. Nxf5 Bxf5 30. exf5 Nce8 31. Kh1 Rg7 32. Bc2 Rfg8 33. Rg1 Rh7 34. Ne3 Rxh5 35. Rg3 Qf8 36. Rdg1 Qh6 37. Ng4 Nxg4 38. Qxg4 Nf6 39. Qf3 Rg7 40. Kg2 Be3 0-1

[Event "Presidents Cup"]
[Site "Elista"]
[Date "1998.05.13"]
[Round "3.1"]
[White "Vaganian, Rafael A"]
[Black "Ivanchuk, Vassily"]
[Result "1/2-1/2"]
[WhiteElo "2630"]
[BlackElo "2740"]
[PlyCount "23"]
[EventDate "1998.05.07"]
[Source "ChessBase"]
[SourceDate "1998.08.06"]

1. Nf3 g6 2. d4 Bg7 3. c4 Nf6 4. g3 O-O 5. Bg2 d6 6. O-O Nbd7 7. b3 e5 8. e3 exd4 9. exd4 Ne4 10. Bb2 Re8 11. Nbd2 Ndc5 12. Nxe4 1/2-1/2

[Event "Dortmund"]
[Site "Dortmund"]
[Date "1994.??.??"]
[Round "4"]
[White "Piket, Jeroen"]
[Black "Adams, Michael"]
[Result "1/2-1/2"]
[WhiteElo "2660"]
[BlackElo "2675"]
[PlyCount "33"]
[EventDate "1994.07.??"]
[Source "ChessBase"]

1. d4 Nf6 2. Nf3 d6 3. g3 g6 4. Bg2 Bg7 5. O-O O-O 6. c4 c6 7. b3 Qa5 8. Bb2 Qh5 9. Nbd2 Bh3 10. e3 Na6 11. Nh4 Qxd1 12. Rfxd1 Bxg2 13. Nxg2 Nd7 14. Kf1 Nc7 15. a4 a5 16. Rac1 Rfd8 17. f4 1/2-1/2

[Event "Nussloch"]
[Site "?"]
[Date "1996.??.??"]
[Round "?"]
[White "Huebner, R."]
[Black "Sokolov, I."]
[Result "1-0"]
[WhiteElo "2635"]
[BlackElo "2665"]
[PlyCount "63"]
[EventDate "1996.??.??"]
[Source "ChessBase"]
[SourceDate "1996.02.01"]

1. d4 Nf6 2. Nf3 g6 3. g3 Bg7 4. c4 c5 5. Bg2 Qa5+ 6. Bd2 Qb6 7. Nc3 cxd4 8. Na4 Qc7 9. Nxd4 O-O 10. Rc1 Nc6 11. Nb5 Qd8 12. c5 a6 13. Nbc3 d5 14. Nb6 Rb8 15. Nbxd5 Nxd5 16. Nxd5 Bxb2 17. Rb1 Bd4 18. O-O Bxc5 19. Bf4 e5 20. Bh6 Be6 21. Bxf8 Bxf8 22. e3 f5 23. Qd2 e4 24. Rfd1 b5 25. f3 exf3 26. Bxf3 Ne5 27. Bg2 Bf7 28. Qd4 Qd6 29. a4 Kh8 30. axb5 Rxb5 31. Rbc1 Rb8 32. Rc6 1-0

[Event "Yerevan (ol)"]
[Site "?"]
[Date "1996.??.??"]
[Round "?"]
[White "Baburin, Alexander"]
[Black "Ivanchuk, V."]
[Result "1/2-1/2"]
[WhiteElo "2545"]
[BlackElo "2730"]
[PlyCount "39"]
[EventDate "1996.??.??"]
[Source "ChessBase"]
[SourceDate "1996.10.01"]

1. d4 Nf6 2. Nf3 g6 3. g3 c5 4. c4 Bg7 5. Bg2 Qa5+ 6. Nc3 Ne4 7. Qd3 cxd4 8. Nxd4 Nc5 9. Qd1 Nc6 10. Be3 Ne6 11. Nxe6 Bxc3+ 12. bxc3 dxe6 13. O-O O-O 14. Qb3 Qc7 15. Qb5 Bd7 16. Rab1 Rab8 17. Rfd1 Rfd8 18. Bf4 e5 19. Bxc6 Bxc6 20. Qxe5 1/2-1/2

[Event "Warsaw"]
[Site "?"]
[Date "1999.??.??"]
[Round "?"]
[White "Mikhalchishin Adrian"]
[Black "Svidler Peter"]
[Result "0-1"]
[WhiteElo "2542"]
[BlackElo "2713"]
[PlyCount "66"]
[EventDate "1999.??.??"]
[Source "www.chesslib.no"]
[SourceDate "2004.05.04"]

1. Nf3 Nf6 2. c4 g6 3. b4 Bg7 4. Bb2 O-O 5. e3 d6 6. d4 c5 7. b5 cxd4 8. exd4 e5 9. Be2 e4 10. Nfd2 Re8 11. O-O h5 12. Nc3 Bf5 13. Re1 a6 14. a4 axb5 15. axb5 Rxa1 16. Qxa1 Nbd7 17. Nf1 Nf8 18. Ne3 Ne6 19. Ncd5 Nxd5 20. Nxd5 h4 21. Ne3 Qa8 22. Rd1 Qxa1 23. Bxa1 Ra8 24. g3 Bh3 25. Bf1 Bxf1 26. Kxf1 h3 27. Nd5 Ng5 28. Bc3 Ra2 29. c5 dxc5 30. dxc5 Bxc3 31. Nxc3 Rc2 32. Na4 e3 33. fxe3 Nf3 0-1

[Event "Rubinstein mem 35th"]
[Site "Polanica Zdroj"]
[Date "1998.08.22"]
[Round "5"]
[White "Karpov, Anatoly"]
[Black "Markowski, Tomasz"]
[Result "1/2-1/2"]
[WhiteElo "2725"]
[BlackElo "2525"]
[PlyCount "56"]
[EventDate "1998.08.17"]
[Source "ChessBase"]
[SourceDate "1998.11.30"]

1. d4 d6 2. Nf3 Nf6 3. c4 g6 4. g3 Bg7 5. Bg2 O-O 6. O-O Nc6 7. d5 Na5 8. Nfd2 c6 9. Na3 c5 10. Nb3 Nxb3 11. axb3 Bd7 12. Bd2 Ne8 13. Qc2 Nc7 14. Bc3 b5 15. Bxg7 Kxg7 16. Rfe1 Rb8 17. Qc3+ Kg8 18. Nc2 a5 19. Rxa5 Nxd5 20. Qd2 Nf6 21. cxb5 Bxb5 22. Rea1 Bd7 23. b4 cxb4 24. Nxb4 Qb6 25. Nd3 Bb5 26. Nb4 Bd7 27. Nd3 Bb5 28. Nb4 Bd7 1/2-1/2

[Event "EU-chT (Men)"]
[Site "Pula"]
[Date "1997.??.??"]
[Round "4"]
[White "Kengis, Edvins"]
[Black "Andersson, Ulf"]
[Result "1-0"]
[WhiteElo "2585"]
[BlackElo "2655"]
[PlyCount "65"]
[EventDate "1997.05.05"]
[Source "ChessBase"]

1. Nf3 Nf6 2. g3 c5 3. Bg2 g6 4. c4 Bg7 5. d4 cxd4 6. Nxd4 d5 7. Nc2 dxc4 8. Qxd8+ Kxd8 9. O-O Nc6 10. Rd1+ Kc7 11. Nba3 Bg4 12. Bxc6 Kxc6 13. Nxc4 Rad8 14. Ne5+ Kb6 15. Be3+ Ka6 16. Nb4+ Kb5 17. Ned3 Bxe2 18. a4+ Ka5 19. Nc6+ bxc6 20. b4+ Ka6 21. Nc5+ Kb6 22. Rxd8 Rxd8 23. Ne6+ Kb7 24. Nxd8+ Kc7 25. Re1 Kxd8 26. Rxe2 Nd5 27. Bxa7 Nxb4 28. Bc5 Na6 29. Bxe7+ Kd7 30. Bg5 Bf8 31. Rd2+ Ke6 32. Rd8 Bd6 33. Bf4 1-0

[Event "CRO-chT"]
[Site "?"]
[Date "2000.09.14"]
[Round "4"]
[White "Delchev Aleksander"]
[Black "Smirin Ilia"]
[Result "0-1"]
[WhiteElo "2557"]
[BlackElo "2677"]
[PlyCount "88"]
[EventDate "2000.??.??"]
[Source "www.chesslib.no"]
[SourceDate "2004.05.04"]

1. Nf3 Nf6 2. c4 g6 3. g3 Bg7 4. Bg2 O-O 5. O-O c5 6. d4 d6 7. dxc5 dxc5 8. Qxd8 Rxd8 9. Ne5 Ne8 10. Nd3 Nd6 11. Nxc5 Nc6 12. Nc3 Nxc4 13. Bf4 h6 14. h4 Nxb2 15. Nb5 a6 16. Nc7 Ra7 17. Rac1 Nd4 18. Rfe1 e5 19. Bd2 b6 20. Ne4 f5 21. e3 Ne6 22. Nxe6 Bxe6 23. Rc6 fxe4 24. Rxe6 Rxd2 25. Bxe4 b5 26. Rc1 Nc4 27. a4 Kf7 28. Rc6 Nd6 29. Bc2 e4 30. Kf1 b4 31. Bb3+ Ke8 32. Rc7 Rxc7 33. Rxc7 Bc3 34. a5 Rb2 35. Ba4+ Kf8 36. Rc6 Ke7 37. Rxa6 Ra2 38. Bb3 Ra3 39. Bd5 b3 40. Rb6 b2 41. a6 Nc8 42. Rb7+ Kd8 43. a7 Rxa7 44. Rxa7 b1=Q+ 0-1

[Event "Liepajas Rokade"]
[Site "Liepaya"]
[Date "2004.07.31"]
[Round "8"]
[White "Stefansson, Hannes"]
[Black "Van Wely, Loek"]
[Result "1-0"]
[WhiteElo "2549"]
[BlackElo "2680"]
[PlyCount "61"]
[EventDate "2004.07.30"]
[SourceDate "2004.08.11"]

1. d4 Nf6 2. c4 g6 3. f3 e5 4. dxe5 Nh5 5. Nh3 Nc6 6. Bg5 Be7 7. Bxe7 Qxe7 8. Nc3 Nxe5 9. Nd5 Qd8 10. g4 Nf6 11. Qd4 d6 12. Nf2 c5 13. Qc3 Nxd5 14. cxd5 Qh4 15. h3 g5 16. Bg2 f5 17. b4 c4 18. Qd4 O-O 19. Rd1 b5 20. O-O a5 21. a3 axb4 22. axb4 Ra4 23. Qb6 Ra2 24. Qxd6 Rxe2 25. Rde1 Rxe1 26. Rxe1 Ng6 27. Qc7 fxg4 28. hxg4 Bxg4 29. Re4 Nf4 30. Nxg4 Qg3 31. Nh6+ 1-0

[Event "otb"]
[Site "otb"]
[Date "2007.04.29"]
[Round "2"]
[White "Laznicka Viktor"]
[Black "Hracek Zbynek"]
[Result "1/2-1/2"]
[WhiteElo "2608"]
[BlackElo "2613"]
[PlyCount "61"]
[Source "www.chesslib.no"]
[SourceDate "2004.05.04"]

1. d4 Nf6 2. c4 g6 3. f3 Bg7 4. e4 d6 5. Be3 O-O 6. Qd2 c5 7. Ne2 Nbd7 8. d5 b5 9. cxb5 a6 10. Nec3 axb5 11. Nxb5 Ne8 12. N1c3 Nc7 13. Be2 Nxb5 14. Nxb5 Qa5 15. Qxa5 Rxa5 16. Bd2 Ra4 17. Bc3 f5 18. b3 Bxc3+ 19. Nxc3 Ra5 20. O-O-O fxe4 21. fxe4 Ba6 22. Bxa6 Rxa6 23. Kc2 Ne5 24. h3 Rb8 25. Rhf1 Kg7 26. Ra1 c4 27. Rab1 cxb3+ 28. axb3 Rab6 29. Rfe1 Kh6 30. Ne2 Rb4 31. Nf4 1/2-1/2

[Event "Europa ch 2008"]
[Site "Plovdiv BUL"]
[Date "2008.04.29"]
[Round "8.24"]
[White "Fridman, Daniel"]
[Black "Mamedov, Nidjat"]
[Result "1-0"]
[WhiteElo "2640"]
[BlackElo "2577"]
[PlyCount "49"]
[EventDate "2008.04.21"]
[Source "www.chesslib.no"]
[SourceDate "2004.05.04"]

1. d4 Nf6 2. Nf3 g6 3. g3 Bg7 4. Bg2 O-O 5. O-O d6 6. b3 c5 7. c4 Ne4 8. Bb2 Nc6 9. Nbd2 Bf5 10. Nh4 Nxd2 11. Qxd2 Nxd4 12. Bxd4 cxd4 13. Nxf5 gxf5 14. Bxb7 Rb8 15. Bg2 Qb6 16. Rad1 Rfc8 17. Kh1 a5 18. Qf4 a4 19. Rd3 axb3 20. axb3 Qc5 21. g4 fxg4 22. Bd5 e6 23. Qxg4 Kh8 24. Rh3 Rg8 25. Qh5 1-0

[Event "ECC"]
[Site "Rethymnon"]
[Date "2003.10.03"]
[Round "6"]
[White "Pigusov, Evgeny"]
[Black "Fressinet, Laurent"]
[Result "1/2-1/2"]
[WhiteElo "2576"]
[BlackElo "2640"]
[PlyCount "70"]
[EventDate "2003.09.28"]
[Source "Roberto Alvarez"]
[SourceDate "2003.10.06"]

1. Nf3 g6 2. d4 Bg7 3. c4 Nf6 4. g3 c5 5. Nc3 Qa5 6. Bd2 cxd4 7. Nxd4 Nc6 8. Nc2 O-O 9. Bg2 d6 10. h3 Be6 11. Nd5 Qd8 12. O-O Rc8 13. Rc1 Ne5 14. Nxf6+ Bxf6 15. b3 Nc6 16. Ne3 Bb2 17. Rb1 Bg7 18. Kh2 Bd7 19. Nd5 Be6 20. Nf4 Bd7 21. Rc1 a6 22. Be3 b5 23. Nd5 Rb8 24. c5 e6 25. Nb6 d5 26. Bf4 Be5 27. Bxe5 Nxe5 28. e4 Bc6 29. exd5 exd5 30. f4 Nd7 31. Bxd5 Nxc5 32. Rxc5 Bb7 33. Bxb7 Qxb6 34. Rd5 Rxb7 35. Qd4 Qxd4 1/2-1/2

[Event "Beersheba"]
[Site "Beersheba"]
[Date "1993.??.??"]
[Round "11"]
[White "Gurevich, Dmitry"]
[Black "Gulko, Boris F"]
[Result "1/2-1/2"]
[WhiteElo "2575"]
[BlackElo "2635"]
[PlyCount "38"]
[EventDate "1993.10.??"]
[Source "ChessBase"]

1. d4 Nf6 2. c4 g6 3. f3 c5 4. dxc5 Qa5+ 5. Nc3 Qxc5 6. e4 d6 7. Qd3 Nc6 8. Be3 Nb4 9. Bxc5 Nxd3+ 10. Bxd3 dxc5 11. e5 Nd7 12. f4 Bh6 13. Nd5 Rb8 14. g3 f6 15. Nc7+ Kd8 16. Ne6+ Ke8 17. Nc7+ Kd8 18. Ne6+ Ke8 19. Nc7+ Kd8 1/2-1/2

[Event "Vrsac"]
[Site "?"]
[Date "2006.09.20"]
[Round "8"]
[White "Ivanisevic Ivan"]
[Black "Macieja Bartlomiej"]
[Result "1/2-1/2"]
[WhiteElo "2596"]
[BlackElo "2613"]
[PlyCount "21"]
[EventDate "2006.??.??"]
[Source "www.chesslib.no"]
[SourceDate "2004.05.04"]

1. d4 Nf6 2. c4 g6 3. Bg5 Ne4 4. Bf4 c5 5. Qc2 Qa5+ 6. Nd2 Nxd2 7. Bxd2 Qc7 8. d5 Bg7 9. e4 O-O 10. Bd3 a6 11. Nf3 1/2-1/2

[Event "Niksic"]
[Site "Niksic"]
[Date "1978.??.??"]
[Round "5"]
[White "Hort, Vlastimil"]
[Black "Uhlmann, Wolfgang"]
[Result "1/2-1/2"]
[WhiteElo "2620"]
[BlackElo "2575"]
[PlyCount "24"]
[EventDate "1978.06.??"]
[Source "ChessBase"]

1. Nf3 Nf6 2. g3 g6 3. c4 c5 4. b3 Bg7 5. Bb2 O-O 6. Bg2 Nc6 7. O-O d6 8. d4 cxd4 9. Nxd4 Bd7 10. Nc3 Qa5 11. Rc1 Nxd4 12. Qxd4 Bc6 1/2-1/2

[Event "Sarajevo Bosnia"]
[Site "Sarajevo"]
[Date "1998.06.06"]
[Round "9"]
[White "Kurajica, Bojan"]
[Black "Lputian, Smbat G"]
[Result "1/2-1/2"]
[WhiteElo "2580"]
[BlackElo "2610"]
[PlyCount "174"]
[EventDate "1998.05.29"]
[Source "ChessBase"]
[SourceDate "1998.09.30"]

1. Nf3 Nf6 2. c4 g6 3. b3 Bg7 4. Bb2 O-O 5. g3 d6 6. d4 Bf5 7. Bg2 Qc8 8. O-O Bh3 9. Nbd2 Bxg2 10. Kxg2 Nfd7 11. Qc2 e5 12. c5 exd4 13. cxd6 c5 14. e3 Nc6 15. exd4 cxd4 16. Rad1 Re8 17. a4 b6 18. Rc1 d3 19. Qb1 Bxb2 20. Qxb2 Qb7 21. Rfe1 Nce5 22. Rc7 Qd5 23. Qd4 Qxd4 24. Nxd4 Kf8 25. h3 Nf6 26. Re7 Ned7 27. Nb5 Red8 28. Nc4 a6 29. Nc7 Rac8 30. R7e3 Nc5 31. Rf3 d2 32. Rd1 Nfe4 33. Nxb6 Rb8 34. Nc4 Kg8 35. Nxd2 Nxd6 36. Rc1 Ndb7 37. b4 Nxa4 38. Nxa6 Ra8 39. Nc7 Rac8 40. Ne4 Nb6 41. Nf6+ Kg7 42. Rc6 Na8 43. Nfe8+ Rxe8 44. Nxe8+ Rxe8 45. Ra3 Rb8 46. Rac3 Rf8 47. Ra6 Rb8 48. Rac6 Rf8 49. Kf3 Nd8 50. Rc8 Nb6 51. Rb8 Nd7 52. Ra8 Nc6 53. Rxf8 Kxf8 54. Ke4 Nf6+ 55. Kf3 Nxb4 56. Rb3 Nc6 57. Rc3 Ne5+ 58. Kg2 g5 59. Rc5 Nfd7 60. Ra5 h6 61. Rb5 Ke7 62. Ra5 Kf6 63. Ra6+ Kg7 64. Rd6 Nf8 65. Rd5 Kf6 66. Ra5 Ne6 67. Rb5 Kf5 68. Rb7 h5 69. Rb4 f6 70. Ra4 Nc5 71. Rd4 Ne4 72. f3 Nc5 73. g4+ Kg6 74. gxh5+ Kxh5 75. Kg3 Ng6 76. Rd5 Nb7 77. Rf5 Nd6 78. Rxf6 Nh4 79. Rf8 Ndf5+ 80. Kf2 Kg6 81. Rg8+ Kf6 82. Rf8+ Kg7 83. Ra8 Ng6 84. Ra5 Kf6 85. Ra6+ Kf7 86. Ra5 Kf6 87. Ra6+ Kf7 1/2-1/2

[Event "Synthesia Rapid Open"]
[Site "Pardubice CEC"]
[Date "2007.07.19"]
[Round "8"]
[White "Laznicka, V."]
[Black "Mamedov, Rau"]
[Result "1-0"]
[WhiteElo "2594"]
[BlackElo "2587"]
[PlyCount "89"]
[EventDate "2007.07.18"]
[Source "www.chesslib.no"]
[SourceDate "2004.05.04"]

1. d4 Nf6 2. c4 g6 3. f3 d6 4. e4 Bg7 5. Be3 O-O 6. Qd2 c5 7. Ne2 Nc6 8. d5 Ne5 9. Nec3 e6 10. Be2 exd5 11. cxd5 h5 12. O-O Nh7 13. a4 f5 14. exf5 Bxf5 15. Na3 Re8 16. Rae1 a6 17. h3 Qh4 18. Bf2 Qb4 19. f4 Nf7 20. Nc4 Nf6 21. a5 Ne4 22. Nxe4 Rxe4 23. Qxb4 cxb4 24. g4 hxg4 25. hxg4 Rxe2 26. gxf5 Rxe1 27. Bxe1 gxf5 28. Bxb4 Re8 29. Re1 Rxe1+ 30. Bxe1 Kf8 31. Kg2 Bf6 32. Kh3 Bd4 33. Kh4 Kg7 34. Kh5 Bf6 35. Bb4 Be7 36. Ne3 Nh6 37. Bc3+ Kh7 38. b3 Bd8 39. Nc4 Nf7 40. Bd4 Be7 41. Nb6 Bd8 42. b4 Nh6 43. Nc8 Nf7 44. Bc3 Nh8 45. Bxh8 1-0

[Event "Lost Boys op"]
[Site "Antwerp"]
[Date "1997.??.??"]
[Round "7"]
[White "Georgiev, Kiril"]
[Black "Shchekachev, Andrei"]
[Result "1/2-1/2"]
[WhiteElo "2670"]
[BlackElo "2510"]
[PlyCount "114"]
[EventDate "1997.08.02"]
[Source "www.chesslib.no"]
[SourceDate "2004.05.04"]

1. d4 Nf6 2. Nf3 g6 3. g3 c5 4. c4 Bg7 5. Bg2 Qa5+ 6. Nc3 Ne4 7. Qd3 cxd4 8. Nxd4 Nc5 9. Qe3 Nc6 10. Ndb5 Ne6 11. Bd2 Qd8 12. O-O O-O 13. Rac1 a6 14. Na3 Rb8 15. b3 Ned4 16. Nc2 Nf5 17. Qc5 b6 18. Qa3 b5 19. cxb5 axb5 20. Nd5 e6 21. Ndb4 Bb7 22. Nxc6 Bxc6 23. Ba5 Qf6 24. Bxc6 dxc6 25. Nb4 Nd4 26. Nxc6 Nxe2+ 27. Kg2 b4 28. Qa4 Nxc1 29. Nxb8 Rxb8 30. Rxc1 Qf5 31. Bb6 Qd5+ 32. Kg1 Bc3 33. Qa7 Ra8 34. Qe7 Rxa2 35. Bc5 Ra8 36. Bxb4 Bd4 37. Be1 Qxb3 38. Qd7 Qd3 39. Qc6 Ra2 40. Qc4 Qxc4 41. Rxc4 e5 42. h4 Ra6 43. Bc3 Bxc3 44. Rxc3 Kg7 45. Kg2 Kf6 46. Rc7 Ke6 47. Rb7 h5 48. Rc7 Rd6 49. Rb7 Ra6 50. Rc7 f6 51. Rb7 Kf5 52. Rb4 Rd6 53. Rc4 Rd4 54. Rc8 Rd2 55. Rc4 Rd3 56. Ra4 Rd2 57. Rc4 g5 1/2-1/2

[Event "Amsterdam"]
[Site "?"]
[Date "2004.??.??"]
[Round "?"]
[White "Kuzmin, A."]
[Black "Krasenkow, M."]
[Result "1/2-1/2"]
[WhiteElo "2545"]
[BlackElo "2630"]
[PlyCount "78"]
[EventDate "2004.??.??"]
[Source "Chess Informant"]
[SourceDate "2004.06.01"]

1. d4 Nf6 2. c4 g6 3. f3 e5 4. dxe5 Nh5 5. Nh3 Nc6 6. Bg5 Be7 7. Bxe7 Qxe7 8. g4 Ng7 9. f4 d6 10. exd6 Qh4+ 11. Nf2 Bxg4 12. dxc7 Be6 13. e3 Rc8 14. Nc3 Rxc7 15. Qf3 O-O 16. O-O-O Na5 17. b3 Qe7 18. Nb5 Rc6 19. Kb1 a6 20. Nd4 Rb6 21. e4 Nxc4 22. Bxc4 Bxc4 23. Ng4 Rd8 24. Ne3 Rbd6 25. bxc4 Rxd4 26. Nd5 Rxd1+ 27. Rxd1 Qf8 28. f5 Kh8 29. f6 Ne6 30. Ne7 Rd4 31. Rxd4 Nxd4 32. Qd3 Qd8 33. c5 h5 34. Qc4 Nb5 35. Kc1 Qc7 36. Qxf7 Qf4+ 37. Kd1 Qf3+ 38. Ke1 Qxe4+ 39. Kf1 Qf3+ 1/2-1/2

[Event "Czech Open GMA"]
[Site "Pardubice CEC"]
[Date "2007.07.27"]
[Round "8"]
[White "Laznicka, V."]
[Black "Dvoirys, S."]
[Result "1-0"]
[WhiteElo "2594"]
[BlackElo "2577"]
[PlyCount "65"]
[EventDate "2007.07.20"]
[Source "www.chesslib.no"]
[SourceDate "2004.05.04"]

1. d4 Nf6 2. c4 g6 3. f3 Nc6 4. e4 e5 5. dxe5 Nxe5 6. Be3 Bg7 7. Nc3 O-O 8. Qd2 d6 9. Rd1 c6 10. b3 d5 11. Nge2 Qa5 12. cxd5 cxd5 13. exd5 Re8 14. Ng3 Bf5 15. Nxf5 gxf5 16. Be2 Rac8 17. Nb5 Qxd2+ 18. Bxd2 Red8 19. d6 Ne8 20. Bf4 a6 21. Bxe5 Bxe5 22. d7 Rc2 23. f4 Bg7 24. O-O Nf6 25. Nd4 Rxa2 26. Bf3 Rxd7 27. Nxf5 b5 28. g4 Rad2 29. Rxd2 Rxd2 30. Rc1 Rd8 31. Rc6 a5 32. Ra6 Bf8 33. Rxf6 1-0

[Event "Elenite"]
[Site "Elenite"]
[Date "1992.??.??"]
[Round "9"]
[White "Stohl, Igor"]
[Black "Dorfman, Josif D"]
[Result "1/2-1/2"]
[WhiteElo "2560"]
[BlackElo "2610"]
[PlyCount "23"]
[EventDate "1992.??.??"]
[Source "ChessBase"]

1. Nf3 Nf6 2. c4 g6 3. g3 Bg7 4. Bg2 c5 5. d4 Qa5+ 6. Nc3 Ne4 7. Qd3 cxd4 8. Nxd4 Nc5 9. Qe3 Nc6 10. Ndb5 Ne6 11. Bd2 Qd8 12. O-O 1/2-1/2

[Event "Elista ol (Men)"]
[Site "Elista"]
[Date "1998.10.02"]
[Round "4"]
[White "Romanishin, Oleg M"]
[Black "Ilincic, Zlatko"]
[Result "1/2-1/2"]
[WhiteElo "2600"]
[BlackElo "2570"]
[PlyCount "86"]
[EventDate "1998.09.29"]
[Source "ChessBase"]
[SourceDate "1998.11.06"]

1. Nf3 Nf6 2. c4 g6 3. g3 Bg7 4. Bg2 O-O 5. O-O d6 6. d4 Nbd7 7. Qc2 e5 8. Rd1 Qe7 9. Nc3 c6 10. b3 Re8 11. h3 exd4 12. Nxd4 Nc5 13. Bb2 Bd7 14. e3 Rad8 15. Re1 Nce4 16. Nxe4 Nxe4 17. Nf3 Bxb2 18. Qxb2 c5 19. Nd2 Bc6 20. Rad1 f5 21. h4 Qg7 22. Qxg7+ Kxg7 23. Nb1 d5 24. cxd5 Bxd5 25. Rd3 c4 26. bxc4 Bxc4 27. Ra3 a6 28. Rc1 Bb5 29. Nc3 Rc8 30. Bxe4 fxe4 31. Rb1 Bc6 32. Ne2 Rc7 33. Rc3 Rec8 34. Rbc1 Kf6 35. Nd4 Ke5 36. Rc4 Kd6 37. Nxc6 Rxc6 38. Rd1+ Ke5 39. Rcd4 Rc1 40. Rd5+ Ke6 41. Rd6+ Ke5 42. R6d5+ Ke6 43. Rd6+ Ke5 1/2-1/2

[Event "JUG Cup"]
[Site "Ulcinj"]
[Date "1998.??.??"]
[Round "3"]
[White "Stojanovic, Mihajlo"]
[Black "Beliavsky, Alexander G"]
[Result "0-1"]
[WhiteElo "2475"]
[BlackElo "2690"]
[PlyCount "76"]
[EventDate "1998.??.??"]
[Source "www.chesslib.no"]
[SourceDate "2004.05.04"]

1. Nf3 Nf6 2. c4 g6 3. g3 Bg7 4. Bg2 O-O 5. O-O d6 6. d4 Nbd7 7. b3 a6 8. Nc3 Rb8 9. a4 e5 10. dxe5 Ng4 11. Bb2 Ngxe5 12. Nxe5 Nxe5 13. Qd2 Be6 14. f4 Nd7 15. Kh1 Nc5 16. Qc2 a5 17. e4 f5 18. Rad1 Qe7 19. e5 dxe5 20. Nd5 Bxd5 21. Bxd5+ Kh8 22. fxe5 c6 23. Bg2 Rfd8 24. Rfe1 Rxd1 25. Rxd1 Re8 26. Re1 Qd8 27. Re3 Kg8 28. Bf3 h5 29. Kg2 h4 30. Qc3 Ne6 31. Re2 Bf8 32. Qe3 Qd1 33. Rd2 Qb1 34. Qd3 h3+ 35. Kxh3 Qg1 36. Rg2 Ng5+ 37. Kh4 Qc5 38. Bc1 Qe7 0-1

[Event "Dubai 81/447"]
[Site "?"]
[Date "2001.??.??"]
[Round "?"]
[White "Anastasian, A."]
[Black "Fedorov, Alex"]
[Result "0-1"]
[WhiteElo "2574"]
[BlackElo "2590"]
[PlyCount "60"]
[EventDate "2001.??.??"]
[Source "Chess Informant"]
[SourceDate "2001.02.01"]

1. Nf3 Nf6 2. c4 g6 3. b4 Bg7 4. Bb2 O-O 5. e3 d6 6. d4 e5 7. Nc3 exd4 8. Nxd4 Nc6 9. Nxc6 bxc6 10. Be2 Rb8 11. a3 a5 12. b5 d5 13. cxd5 Nxd5 14. Nxd5 Bxb2 15. Ra2 Qxd5 16. Qxd5 Bc3+ 17. Qd2 Bxd2+ 18. Kxd2 Rd8+ 19. Kc1 cxb5 20. Rc2 Bf5 21. Rxc7 Rdc8 22. Rxc8+ Rxc8+ 23. Kd1 b4 24. axb4 axb4 25. f3 Ra8 26. Re1 Ra1+ 27. Kd2 Ra2+ 28. Kc1 Rc2+ 29. Kd1 b3 30. e4 Be6 0-1

[Event "Turin ITA"]
[Site "?"]
[Date "2006.06.04"]
[Round "13"]
[White "Kurajica Bojan"]
[Black "Fedorov Alexei"]
[Result "1/2-1/2"]
[WhiteElo "2548"]
[BlackElo "2614"]
[PlyCount "68"]
[EventDate "2006.??.??"]
[Source "www.chesslib.no"]
[SourceDate "2004.05.04"]

1. d4 Nf6 2. Nf3 g6 3. g3 Bg7 4. Bg2 O-O 5. O-O d6 6. b3 c5 7. c4 Nc6 8. Bb2 Bd7 9. e3 Qc8 10. d5 Nb4 11. a3 Na6 12. e4 Nxe4 13. Bxg7 Kxg7 14. Re1 Nf6 15. Rxe7 Qd8 16. Qe2 b5 17. Nbd2 Nc7 18. Re1 bxc4 19. bxc4 Re8 20. Ng5 Rxe7 21. Qxe7 Be8 22. Qe3 Bd7 23. Qc3 h6 24. h4 Rb8 25. Ngf3 Nce8 26. Nh2 Kg8 27. Bf3 h5 28. Bg2 Ng7 29. Be4 Bf5 30. Nhf3 a5 31. Bxf5 Nxf5 32. Nb3 Ra8 33. Nbd2 Rb8 34. Nb3 Ra8 1/2-1/2